000 00333nam a22001337a 4500
005 20250917132619.0
008 250917b |||||||| |||| 00| 0 eng d
050 _aPA3000
_bELI
100 _aELIOT GEORGE
245 _aDANIEL DERONDA
260 _aLONDON
_bEVERYMAN PUBLISHERS PLC.
_cc1999
300 _axxvii,899p
942 _2lcc
_cBK
_n0
999 _c7577
_d7577